Catálogo
 En Linea

Ulises Francisco Espaillat : (Registro nro. 46163)

Detalles MARC
000 -CABECERA
campo de control de longitud fija 01624nam a2200361 i 4500
001 - NÚMERO DE CONTROL
campo de control 000046674
003 - IDENTIFICADOR DEL NÚMERO DE CONTROL
campo de control DO-SdBNP
005 - FECHA Y HORA DE LA ÚLTIMA TRANSACCIÓN
campo de control 20260115094717.0
007 - CAMPO FIJO DE DESCRIPCIÓN FÍSICA--INFORMACIÓN GENERAL
campo de control de longitud fija ta
008 - DATOS DE LONGITUD FIJA--INFORMACIÓN GENERAL
campo de control de longitud fija 180315s2014 dr a 000 0 spa d
020 ## - NÚMERO INTERNACIONAL ESTÁNDAR DEL LIBRO
Número Internacional Estándar del Libro 9789945468328
040 ## - FUENTE DE LA CATALOGACIÓN
Centro catalogador/agencia de origen DO-SdBNP
Lengua de catalogación spa
Centro/agencia transcriptor BNPHU
Normas de descripción rda
041 ## - CÓDIGO DE LENGUA
Código de lengua del texto/banda sonora o título independiente spa
082 #4 - NÚMERO DE LA CLASIFICACIÓN DECIMAL DEWEY
Número de clasificación 923.17293
Número de documento/Ítem E77c
Número de edición 22
100 1# - ENTRADA PRINCIPAL--NOMBRE DE PERSONA
Nombre de persona Cassá, Roberto,
Fechas asociadas al nombre 1948-
Término indicativo de función/relación autor
9 (RLIN) 10888
245 10 - MENCIÓN DE TÍTULO
Título Ulises Francisco Espaillat :
Resto del título civilista democrático /
Mención de responsabilidad, etc. Roberto Cassá ; ilustraciones José Mercader.
250 ## - MENCIÓN DE EDICIÓN
Mención de edición Tercera edición
264 ## - PRODUCCIÓN, PUBLICACIÓN, DISTRIBUCIÓN, FABRICACIÓN Y COPYRIGHT
Producción, publicación, distribución, fabricación y copyright Santo Domingo :
Nombre del de productor, editor, distribuidor, fabricante Tobogán,
-- Alfa y Omega,
Fecha de producción, publicación, distribución, fabricación o copyright 2014.
300 ## - DESCRIPCIÓN FÍSICA
Extensión 64 páginas :
Otras características físicas ilustraciones ;
Dimensiones 23 cm.
336 ## - TIPO DE CONTENIDO
Término de tipo de contenido rdacontent
Código de tipo de contenido texto
Fuente txt
337 ## - TIPO DE MEDIO
Nombre/término del tipo de medio rdamedia
Código del tipo de medio sin mediación
Fuente n
338 ## - TIPO DE SOPORTE
Nombre/término del tipo de soporte rdacarrier
Código del tipo de soporte volumen
Fuente nc
490 0# - MENCIÓN DE SERIE
Mención de serie Biografías dominicanas
500 ## - NOTA GENERAL
Nota general Incluye datos biografícos del autor.
500 ## - NOTA GENERAL
Nota general Incluye datos biografícos del ilustrador.
505 0# - NOTA DE CONTENIDO CON FORMATO
Título Significado como intelectual liberal --
-- Orígenes familiares y juventud --
-- Primeras actividades políticas --
-- Por un sistema federal en la revolución de 1857 --
-- Eminencia gris de la restauración --
-- Sobre el remolino --
-- El ideario democrático y nacional --
-- Elección a la presidencia --
-- Planes gubernamentales --
-- Hostilidad de los caudillos --
-- Caída de la presidencia --
-- Bibliografía.
590 ## - NOTA LOCAL (RLIN)
Nota local Inventariado, 2018 /YL
600 10 - PUNTO DE ACCESO ADICIONAL DE MATERIA--NOMBRE DE PERSONA
Nombre de persona Espaillat Quiñones, Ulises Francisco,
Fechas asociadas al nombre 1823-1878
9 (RLIN) 6567
651 #7 - PUNTO DE ACCESO ADICIONAL DE MATERIA--NOMBRE GEOGRÁFICO
Nombre geográfico República dominicana
Subdivisión general Política y gobierno
Fuente del encabezamiento o término LEMB
9 (RLIN) 45
700 1# - PUNTO DE ACCESO ADICIONAL--NOMBRE DE PERSONA
Nombre de persona Mercader, José,
Término indicativo de función/relación ilustrador
9 (RLIN) 56560
910 ## - DATOS DE OPCIÓN DEL USUARIO (OCLC)
Datos de opción del usuario YL
942 ## - ELEMENTOS DE PUNTO DE ACCESO ADICIONAL (KOHA)
Fuente del sistema de clasificación o colocación Dewey Decimal Classification
Tipo de ítem Koha Libro
Existencias
Estado de retiro Estado de pérdida Fuente del sistema de clasificación o colocación Restricciones de uso No para préstamo Código de colección Localización permanente Ubicación/localización actual Ubicación en estantería Fecha de adquisición Signatura topográfica completa Código de barras Fecha visto por última vez Número de copia Precio válido a partir de Tipo de ítem Koha Fuente de adquisición Total de préstamos Nota pública
    Dewey Decimal Classification Préstamo en sala   Dominicana de Servicio Biblioteca Nacional Pedro Henríquez Ureña Biblioteca Nacional Pedro Henríquez Ureña Depósito 16.03.2018 BNPHU DS 923.17293 E77c 46674-30 25.06.2020 e.3 25.06.2020 Libro      
    Dewey Decimal Classification Excluido de préstamo   Patrimonio Dominicano Biblioteca Nacional Pedro Henríquez Ureña Biblioteca Nacional Pedro Henríquez Ureña Depósito 16.03.2018 BNPHU PD 923.17293 E77c 46674-10 25.06.2020   25.06.2020 Libro Depósito Legal    
    Dewey Decimal Classification Excluido de préstamo   Patrimonio Dominicano Biblioteca Nacional Pedro Henríquez Ureña Biblioteca Nacional Pedro Henríquez Ureña Depósito 16.03.2018 BNPHU PD 923.17293 E77c 46674-20 25.06.2020 e.2 25.06.2020 Libro      
    Dewey Decimal Classification Préstamo en sala   Dominicana de Servicio Biblioteca Nacional Pedro Henríquez Ureña Biblioteca Nacional Pedro Henríquez Ureña Depósito 16.01.2023 BNPHU DS 923.17293 E77c 2023-0141 16.01.2023 e.4 16.01.2023 Libro Donación    
    Dewey Decimal Classification Préstamo en sala   Dominicana de Servicio Biblioteca Nacional Pedro Henríquez Ureña Biblioteca Nacional Pedro Henríquez Ureña Depósito 15.01.2026 BNPHU DS 923.17293 E77c 2026-0058 15.01.2026 e.5 15.01.2026 Libro Donación por Víctor Hugo   Víctor Hugo

Con tecnología Koha